书目信息 |
| 题名: |
思想政治与模式创新
|
|
| 作者: | 张磊 , 谭翀 , 许文艳 著 | |
| 分册: | ||
| 出版信息: | 长春 吉林文史出版社 2017 |
|
| 页数: | 485页 | |
| 开本: | 24cm | |
| 丛书名: | ||
| 单 册: | ||
| 中图分类: | D641 | |
| 科图分类: | ||
| 主题词: | 高等学校--gao deng xue xiao--思想政治教育--研究--中国 | |
| 电子资源: | ||
| ISBN: | 978-7-5472-0253-1 | |
| 000 | 01034nam0 2200289 450 | |
| 001 | 012001008022 | |
| 005 | 20130121174145.0 | |
| 010 | @a978-7-5472-0253-1@dCNY85.00 | |
| 099 | @aCAL 012017133854 | |
| 100 | @a20170920d2017 ekmy0chiy50 ea | |
| 101 | 0 | @achi |
| 102 | @aCN@b220000 | |
| 105 | @ay a 000yy | |
| 106 | @ar | |
| 200 | 1 | @a思想政治与模式创新@Asi xiang zheng zhi yu mo shi chuang xin@f张磊, 谭翀, 许文艳著 |
| 210 | @a长春@c吉林文史出版社@d2017 | |
| 215 | @a485页@d24cm | |
| 320 | @a有书目 (第477-485页) | |
| 330 | @a本书以现阶段我国思想政治工作的现状为研究出发点,较为全面地分析了新时期我国思想政治工作模式创新的相关问题。内容包括:绪论、思想政治的创新要素分析、现阶段我国思想政治教育的创新性分析等。 | |
| 333 | @a思想政治研究相关人员 | |
| 606 | 0 | @a高等学校@Agao deng xue xiao@x思想政治教育@x研究@y中国 |
| 690 | @aD641@v5 | |
| 701 | 0 | @a张磊@Azhang lei@4著 |
| 701 | 0 | @a谭翀@Atan chong@4著 |
| 701 | 0 | @a许文艳@Axu wen yan@4著 |
| 801 | 2 | @aCN@b上海新华@c20191020 |
| 905 | @b1134389-92@dD641@e221@f4 | |
| 思想政治与模式创新/张磊, 谭翀, 许文艳著.-长春:吉林文史出版社,2017 |
| 485页;24cm |
| 使用对象:思想政治研究相关人员 |
| ISBN 978-7-5472-0253-1:CNY85.00 |
| 本书以现阶段我国思想政治工作的现状为研究出发点,较为全面地分析了新时期我国思想政治工作模式创新的相关问题。内容包括:绪论、思想政治的创新要素分析、现阶段我国思想政治教育的创新性分析等。 |
| ● |
| 相关链接 |
|
|
|
|
正题名:思想政治与模式创新
索取号:D641/221
 
预约/预借
| 序号 | 登录号 | 条形码 | 馆藏地/架位号 | 状态 | 备注 |
| 1 | 1134389 | 211343893 | 第一样本阅览室/ [索取号:D641/221] | 在馆 | |
| 2 | 1134390 | 211343900 | 第一借阅区/ [索取号:D641/221] | 在馆 | |
| 3 | 1134391 | 211343919 | 第一借阅区/ [索取号:D641/221] | 在馆 | |
| 4 | 1134392 | 211343928 | 第一借阅区/ [索取号:D641/221] | 在馆 |